Practical Burns Management (Record no. 54213)

MARC details
000 -LEADER
fixed length control field 00619nam a2200169 a 4500
008 - FIXED-LENGTH DATA ELEMENTS--GENERAL INFORMATION
fixed length control field 080423s1987 ||||||||||||||||| || u
020 ## - INTERNATIONAL STANDARD BOOK NUMBER
International Standard Book Number 0340369973
050 ## - LIBRARY OF CONGRESS CALL NUMBER
Classification number RD 96.4 Kem
100 ## - MAIN ENTRY--PERSONAL NAME
Personal name Lamb, Brenda E
245 10 - TITLE STATEMENT
Title Practical Burns Management
Statement of responsibility, etc. Kemble, J. V. Harvey
260 ## - PUBLICATION, DISTRIBUTION, ETC.
Place of publication, distribution, etc. London
Name of publisher, distributor, etc. Hodder & Stoughton
Date of publication, distribution, etc. 1987
300 ## - PHYSICAL DESCRIPTION
Extent xiv, 261p.: ill.
350 ## - PRICE (NR) (BK AM CF MU VM SE) [OBSOLETE]
Price 0.00
650 ## - SUBJECT ADDED ENTRY--TOPICAL TERM
Topical term or geographic name entry element BURNS AND SCALDS - TREATMENT
700 ## - ADDED ENTRY--PERSONAL NAME
Personal name Kemble, J. V. Harvey
995 ## - RECOMMENDATION 995 [LOCAL, UNIMARC FRANCE]
-- 0.00
-- CBU-MAIN LIBRARY (Kitwe)
-- 1
-- 0.00
-- 1
-- AVAILABLE
-- Apr 23, 2008
-- Annex Low-Usage Collection
Holdings
Withdrawn status Lost status Source of classification or shelving scheme Damaged status Not for loan Home library Current library Shelving location Date acquired Total Checkouts Full call number Barcode Date last seen Price effective from Koha item type
          CBU-MAIN LIBRARY, KITWE. CBU-MAIN LIBRARY, KITWE.   11/30/2022   RD 96.4 Kem 013173 11/30/2022 11/30/2022 MONOGRAPH